Chủ tịch với miền Nam
Сохранить в:
| Формат: | |
|---|---|
| Опубликовано: |
H.
Thanh niên giải phóng
1975
|
| Предметы: | |
| Метки: |
Добавить метку
Нет меток, Требуется 1-ая метка записи!
|
| Thư viện lưu trữ: | Trung tâm Học liệu Lê Vũ Hùng, Trường Đại học Đồng Tháp |
|---|
| LEADER | 00598pam a22001818a 4500 | ||
|---|---|---|---|
| 001 | 00000959 | ||
| 005 | 20171026081022.0 | ||
| 008 | 110324s1975 ||||||Viesd | ||
| 041 | 0 | # | |a Vie |
| 082 | 1 | 4 | |a 335.434 6 |b CH500T |
| 245 | 0 | 0 | |a Chủ tịch với miền Nam |
| 260 | # | # | |a H. |b Thanh niên giải phóng |c 1975 |
| 300 | # | # | |a 151 tr. |c 19 cm. |
| 653 | # | # | |a Hồ Chí Minh |a Việt Nam |a Kháng chiến chống Mỹ |
| 852 | # | # | |b Kho đọc |j KD.0000943 |
| 852 | # | # | |j KD.0000943 |
| 910 | |d 24/03/2011 | ||
| 980 | # | # | |a Trung tâm Học liệu Lê Vũ Hùng, Trường Đại học Đồng Tháp |